| 000 | 00433nam a2200157Ia 4500 | ||
|---|---|---|---|
| 008 | 210716s1987 xx 000 0 und d | ||
| 020 | _a0135019664 | ||
| 041 | _aeng | ||
| 082 | _a519 EPPG | ||
| 100 | _aEppen, G D;GouldF J;Schmidt, C P. | ||
| 245 | _aIntroductory management science. | ||
| 250 | _a2 | ||
| 260 |
_aNew Jersey _bPrentice hall Inc _c1987 |
||
| 300 | _axx,587 | ||
| 650 | _aProbabilities and applied mathematics(519) | ||
| 999 |
_c203095 _d203095 |
||